00518nam a2200181Ia 4500003000500000008004100005020001800046040001900064082000700083100002000090245001900110260004500129300000800174546001200182942001200194999001700206952011300223STCL181203s9999 xx 000 0 und d a9788173196157 aSTCLbENcSTCL 222 aPalaniappan, N. 0aFuzzy Topology bNarosa Publishing HouseaNew Delhic2008 a193 aEnglish 2ddccBK c85026d85026 00102ddc4070aSTCALbSTCALcGENd2018-12-03l0o511.313 PAL-Fp93538r2018-12-03 00:00:00w2018-12-03yBK